=LDR 00000nam 2200000 4500 =001 INLIS000000000004341 =005 20130612092618 =008 ***********************************Ind** =035 ##$$0010-061300000004341 =041 ##$$a Ind =082 ##$$a 502 =090 ##$$a 502, Pen p =245 ##$$a Pencapaian ilmu Lembaga Ilmu Pengetahuan Indonesia ( LIPI ) selama Pelita VI (1993 - 1997) / Editor, S. Farid Ruskanda. -- Cet.1. -- =260 ##$$a 1998 $b Jakarta : Lembaga Ilmu Pengetahuan Indonesia =300 ##$$a iii, 71 hlm. ; 23 hlm =650 ##$$a Sains - Indonesia =700 ##$$a Ruskanda, Farid S =850 ##$$a NBPNMAT